| 000 | 00439nam a2200169 i 4500 | ||
|---|---|---|---|
| 001 | 134954 | ||
| 003 | ES-MaACL | ||
| 005 | 20230906194758.0 | ||
| 007 | t| | ||
| 008 | 070704s1956 fr ||||1| fre d | ||
| 080 | _a621.396.67 | ||
| 100 | 1 |
_aThourel, L. _9110164 |
|
| 245 | 1 | 4 |
_aLes antennes / _cpor L. Thourel. |
| 260 |
_aParis : _bDunod, _c1956. |
||
| 300 |
_aXIII, 440 p. : _bil. ; _c25 cm. |
||
| 852 |
_aES-MaACL _jC-15332 _bR.43225 |
||
| 999 |
_c134954 _d134954 |
||